Short Essay &Paragraphs on LAW : (Record no. 74428)
[ view plain ]
| 000 -LEADER | |
|---|---|
| fixed length control field | 00752nam a22002177a 4500 |
| 005 - DATE AND TIME OF LATEST TRANSACTION | |
| control field | 20130521121557.0 |
| 010 ## - LCCN (DPL NO) | |
| LC control number | B-504980-988 |
| 020 ## - INTERNATIONAL STANDARD BOOK NUMBER | |
| International Standard Book Number | 9789350352359 |
| Terms of availability | 150.00 |
| 035 ## - SYSTEM CONTROL NUMBER | |
| System control number | B-504980-988 |
| 037 ## - SOURCE OF ACQUISITION | |
| Source of stock number/acquisition | UBH/Ven |
| 082 ## - DEWEY DECIMAL CLASSIFICATION NUMBER | |
| Classification number | 340.14 |
| 100 ## - MAIN ENTRY--PERSONAL NAME | |
| Personal name | Arora, Manish |
| 245 ## - TITLE STATEMENT | |
| Title | Short Essay &Paragraphs on LAW : |
| Remainder of title | include Legal Personalities / |
| Statement of responsibility, etc | by Manish Arora |
| 250 ## - EDITION STATEMENT | |
| Edition statement | 9th ed. |
| 260 ## - PUBLICATION, DISTRIBUTION, ETC. (IMPRINT) | |
| Place of publication, distribution, etc | New Delhi |
| Name of publisher, distributor, etc | Universal Law Publishing |
| Date of publication, distribution, etc | c2012 |
| 270 ## - ADDRESS | |
| Address | C-FF-1A, Dilkhush Industrial Estate, G.T.Karnal Road, |
| City | Delhi |
| Postal code | 110033 |
| 300 ## - PHYSICAL DESCRIPTION | |
| Extent | xi,154p.: |
| Dimensions | 24cm(pbk). |
| 500 ## - GENERAL NOTE | |
| General note | It include index |
| 942 ## - ADDED ENTRY ELEMENTS (KOHA) | |
| Source of classification or shelving scheme | Dewey Decimal Classification |
| Item type | English Books |
| Call number suffix | ARO |
| Classification part | 340.14 |
| Withdrawn status | Lost status | Not for loan | Collection code | Home library | Current library | Date acquired | Source of acquisition | Cost, normal purchase price | Full call number | Barcode | Copy number | Cost, replacement price | Koha item type |
|---|---|---|---|---|---|---|---|---|---|---|---|---|---|
| Written-off vide DLB M. No. 383 dt 16.05.19 | Non-fiction | Central Library | Central Library | 21/05/2013 | UBH/291/19.03.2013/180/08.03.2013/20.03.2013 | 150.00 | 340.14 ARO | B-504980 | 1 | 150.00 | English Books | ||
| Non-fiction | Janak Puri | Janak Puri | 21/05/2013 | UBH/291/19.03.2013/180/08.03.2013/20.03.2013 | 150.00 | 340.14 ARO | B-504985 | 1 | 150.00 | English Books | |||
| Written-off vide DLB M. No. 383 dt 16.05.19 | Non-fiction | Karol Bagh | Karol Bagh | 21/05/2013 | UBH/291/19.03.2013/180/08.03.2013/20.03.2013 | 150.00 | 340.14 ARO | B-504986 | 1 | 150.00 | English Books | ||
| Non-fiction | Kasturba Gandhi Marg | Kasturba Gandhi Marg | 21/05/2013 | UBH/291/19.03.2013/180/08.03.2013/20.03.2013 | 150.00 | 340.14 ARO | B-504982 | 1 | 150.00 | English Books | |||
| Written-off vide DLB M. No. 383 dt 16.05.19 | Non-fiction | Narela | Narela | 21/05/2013 | UBH/291/19.03.2013/180/08.03.2013/20.03.2013 | 150.00 | 340.14 ARO | B-504987 | 1 | 150.00 | English Books | ||
| Non-fiction | Peshwa Road | Peshwa Road | 21/05/2013 | UBH/291/19.03.2013/180/08.03.2013/20.03.2013 | 150.00 | 340.14 ARO | B-504983 | 1 | 150.00 | English Books | |||
| Non-fiction | Sarojini Nagar | Sarojini Nagar | 21/05/2013 | UBH/291/19.03.2013/180/08.03.2013/20.03.2013 | 150.00 | 340.14 ARO | B-504981 | 1 | 150.00 | English Books | |||
| Non-fiction | Shahdara Branch | Shahdara Branch | 21/05/2013 | UBH/291/19.03.2013/180/08.03.2013/20.03.2013 | 150.00 | 340.14 ARO | B-504988 | 1 | 150.00 | English Books | |||
| Non-fiction | Tri Nagar | Tri Nagar | 21/05/2013 | UBH/291/19.03.2013/180/08.03.2013/20.03.2013 | 150.00 | 340.14 ARO | B-504984 | 1 | 150.00 | English Books |
